Management of technology (Record no. 29722)

000 -LEADER
fixed length control field 00547nam a2200205 i 4500
001 - CONTROL NUMBER
control field 29722
003 - CONTROL NUMBER IDENTIFIER
control field BD-DhUET
008 - FIXED-LENGTH DATA ELEMENTS--GENERAL INFORMATION
fixed length control field 830304s1979 dcu b 001 0 eng d
020 ## - INTERNATIONAL STANDARD BOOK NUMBER
International Standard Book Number 0412643707
040 ## - CATALOGING SOURCE
Original cataloging agency NNC
Transcribing agency NNC
Modifying agency BD-DhUET
082 ## - DEWEY DECIMAL CLASSIFICATION NUMBER
Classification number 658
Item number LOW/1995
100 ## - MAIN ENTRY--PERSONAL NAME
Personal name Lowe, Paul
245 14 - TITLE STATEMENT
Title Management of technology
Remainder of title perception and opportunities
250 ## - EDITION STATEMENT
Edition statement 1st ed.
260 ## - PUBLICATION, DISTRIBUTION, ETC. (IMPRINT)
Place of publication, distribution, etc. London
Name of publisher, distributor, etc. Chapman & Hall
Date of publication, distribution, etc. 1995
300 ## - PHYSICAL DESCRIPTION
Extent xxi, 358p.
504 ## - BIBLIOGRAPHY, ETC. NOTE
Bibliography, etc Includes bibliographies
650 #0 - SUBJECT ADDED ENTRY--TOPICAL TERM
Topical term or geographic name as entry element Technological innovations-Management
942 ## - ADDED ENTRY ELEMENTS (KOHA)
Koha item type General Book
Holdings
Koha renewals Koha normalized classification for sorting Source of classification or shelving scheme Damaged status Sublocation or collection (holding branch) Koha date last borrowed Location (home branch) Lost status Not for loan Shelving location Price effective from Koha out on loan Koha date last seen Koha item type Copy number Koha full call number Piece designation (barcode) Koha issues (times borrowed) Date acquired Withdrawn status
 658_000000000000000_LOW_1995  Central Library, BUET Central Library, BUET  Reading section2015-06-17 2015-06-17General Book1658/LOW/199590831 2015-06-17 
 658_000000000000000_LOW_1995  Central Library, BUET2018-11-20Central Library, BUET  Circulation section2018-07-16 2021-12-26General Book2658/LOW/199511634912018-06-23 
1658_000000000000000_LOW_1995  Central Library, BUET2018-11-24Central Library, BUET  Circulation section2018-07-162025-11-302018-11-24General Book3658/LOW/199511635012018-06-23